000 00398 a2200169 4500
999 _c12870
_d12870
003 OSt
005 20240727152453.0
008 240727b ||||| |||| 00| 0 eng d
020 _a9789351101345
082 _a720.28
100 _aTravis Lowdermilk
245 _aUser-Centered Design
250 _a2013
260 _bShroff Publishers & Distributors Pvt Ltd
300 _a135p;
942 _2ddc